Administrative agencies and the courts (Record no. 429881)

000 -LEADER
fixed length control field 00390cam a22001217a 4500
008 - FIXED-LENGTH DATA ELEMENTS--GENERAL INFORMATION
fixed length control field 180718b1951 xxu||||| |||| 00| 0 eng d
082 ## - DEWEY DECIMAL CLASSIFICATION NUMBER
Classification number I944x73 C785
100 ## - MAIN ENTRY--PERSONAL NAME
Personal name Cooper, Frank E.
245 ## - TITLE STATEMENT
Title Administrative agencies and the courts
Statement of responsibility, etc. by Frank E. Cooper
260 ## - PUBLICATION, DISTRIBUTION, ETC.
Place of publication, distribution, etc. Ann Arbor
Name of publisher, distributor, etc. University of Michigan Law School
Date of publication, distribution, etc. 1951
300 ## - PHYSICAL DESCRIPTION
Extent xxv, 470p
650 ## - SUBJECT ADDED ENTRY--TOPICAL TERM
Topical term or geographic name entry element Administrative law --United States
Holdings
Withdrawn status Lost status Damaged status Not for loan Permanent Location Current Location Date acquired Full call number Barcode Date last seen Price effective from Koha item type
        Indian Institute of Public Administration Indian Institute of Public Administration 2010-01-05 I944x73 C785 1399 2018-07-21 2018-07-21 Book

Powered by Koha